000 00313nam a22001337a 4500
008 170712b xxu||||| |||| 00| 0 eng d
020 _a0395296056
041 _aeng
080 _a038
100 _a23
101 _aFJA
245 _aROGET'S II THE NEW THESAURUS
_cAMERICAN HERITAGE DICTIONARY
942 _2udc
_cBK
999 _c20274
_d20274